Responses for Show #7954 - Thursday, March 21, 2019

Contestants

[<< previous game]

Stephanie Strong, an audiology student from Chicago, Illinois

Kate Becker, a hospital administrator from Albuquerque, New Mexico

Jonathan Lindeen, a senior finance manager from Denver, Colorado (whose 1-day cash winnings total $22,001)

[next game >>]

Jeopardy! Round responses

DICKENS WILL BE THE DEATH OF ME
TV DOCTORS
COIN STAR
INVENTED IN THE 1800s
SUIT UP
RHYMES WITH ALL
    $200 2
Jacob Marley

Stephanie
    $200 10
Doogie Howser

Stephanie
    $200 12
a loon

Jonathan
    $200 1
a tee

Kate
    $200 20
a spacesuit

Triple Stumper
    $200 25
scrawl

Stephanie
    $400 3
Oliver Twist

Kate
    $400 11
House

Kate
    $400 13
Brazil

Stephanie
    $400 6
the revolver

Jonathan
    $400 21
a suit of armor

Kate
    $400 26
a stall

Stephanie
    $600 4
by guillotine

Jonathan
    $600 17
Dr. Quinn

Stephanie
    $600 14
the Southern Cross

Jonathan
    $600 7
Pullman

Jonathan
    $600 22
your birthday suit

Jonathan
    $600 27
overhaul

Kate
    $800 5
The Old Curiosity Shop

Stephanie
    $800 18
DeForest Kelley

Triple Stumper
    $1,400 15
the Gunpowder Plot

Jonathan
    $800 8
Eastman

Stephanie
    $800 23
Savile Row

Kate
    $800 28
a pall

Jonathan
    $1000 30
spontaneous combustion

Stephanie
    $1000 19
(Doc) Martin

Jonathan
    $1000 16
a cornucopia

Jonathan
    $1000 9
(Kate: Who is John Deere?)

Cyrus McCormick

Kate
Triple Stumper
    $1000 24
a zoot suit

Jonathan
    $1000 29
(urban) sprawl

Kate

Scores at the first commercial break (after clue 15):

Jonathan Kate Stephanie
$3,800 $0 $2,400

Scores at the end of the Jeopardy! Round:

Jonathan Kate Stephanie
$8,200 $2,800 $4,600

Double Jeopardy! Round responses

THE ARTS
MYTH-POURRI
3 CONSECUTIVE CONSONANTS
TRAVELING
18th CENTURY NICKNAMES
THE SPORTING "NEW"s
    $400 7
The Thinker

Stephanie
    $400 12
an egg

Stephanie
    $400 2
synchronize

Kate
    $400 21
Kilimanjaro

Stephanie
    $400 1
Marie Antoinette

Triple Stumper
    $400 26
the New York Mets

Kate
    $800 8
Night Watch

Jonathan
    $800 13
Hercules

Jonathan
    $800 3
scheme

Jonathan
    $800 25
Waterloo (Station)

Jonathan
    $800 17
George Washington

Triple Stumper
    $800 27
the New England Patriots

Stephanie
    $1200 9
pliƩ

Jonathan
    $1200 14
(Jonathan: Who is Odin?)

Thor

JonathanStephanie
    $1200 4
discharge

Kate
    $1200 24
the Lower East Side

Kate
    $1200 18
Robert Burns

Kate
    $1200 28
Newcastle

Jonathan
    $2,000 10
(Alex: Jonathan?)
(Jonathan: I don't know.)

Hedda Gabler

Jonathan
    $1600 15
Medea

Jonathan
    $1600 5
bootstraps

Stephanie
    $1600 22
Rio de Janeiro

Stephanie
    $1600 19
Clive of India

Triple Stumper
    $1600 29
New Orleans

Kate
    $2000 11
(Antonin) Dvorak

Kate
    $2000 16
Artemis

Stephanie
    $2000 6
an aphrodisiac

Kate
    $2000 23
Valencia

Jonathan
    $600 20
Quaker

Kate
    $2000 30
Newsome

Triple Stumper

Scores at the end of the Double Jeopardy! Round:

Jonathan Kate Stephanie
$14,200 $13,400 $13,000

[wagering suggestions for these scores]

Final Jeopardy! Round responses

AMERICAN AUTHORS
StephanieWho is ?
$2,000
KateWho is Edgar Allen Poe?
$13,000
JonathanWho is Poe?
$12,601
Edgar Allan Poe

Final scores:

Jonathan Kate Stephanie
$26,801 $26,400 $11,000
2-day champion: $48,802 2nd place: $2,000 3rd place: $1,000

Game dynamics:

Coryat scores:

Jonathan Kate Stephanie
$15,600 $14,800 $13,000
19 R
(including 1 DD),
2 W
(including 1 DD)
16 R
(including 1 DD),
1 W
17 R,
0 W

Combined Coryat: $43,400

[game clues] [game scores] [suggest correction]

Game tape date: 2019-01-30
The J! Archive is created by fans, for fans. Scraping, republication, monetization, and malicious use prohibited; this site may use cookies and collect identifying information. See terms. The Jeopardy! game show and all elements thereof, including but not limited to copyright and trademark thereto, are the property of Jeopardy Productions, Inc. and are protected under law. This website is not affiliated with, sponsored by, or operated by Jeopardy Productions, Inc. Join the discussion at JBoard.tv.